| 000 | 00980nam a2200229Ia 4500 | ||
|---|---|---|---|
| 001 | 17974 | ||
| 003 | GE_BSU | ||
| 008 | 181216s||||||||xx |||||||||||||| ||und|| | ||
| 040 | _cGE_BSU | ||
| 080 | _a821.353.1(072) | ||
| 100 | _aჩიჯავაძე, თუთი | ||
| 245 | _aქართული ლიტერატურის სწავლების მეთოდიკის საკითხები | ||
| 245 | _cრედ.შ.ქურდაძე. მ. მთვარელიძე | ||
| 260 | _aთბილისი | ||
| 260 | _bსულხან საბა ორბელიანის სახ. თბილისის სახ. პედ. ინ-ტი | ||
| 260 | _c2005 | ||
| 300 | _a222გვ. | ||
| 541 | _h7ლ.55თ. | ||
| 653 | _aქართული ლიტერატურის სწავლების მეთოდიკის საკითხები | ||
| 653 | _aქსეროქსი | ||
| 942 | _cBK | ||
| 999 |
_c51017 _d51017 |
||